[Event "Oceania zt 3.6"]
[Site "Melbourne"]
[Date "2023.01.25"]
[Round "5"]
[White "Solomon, Stephen J"]
[Black "Koh, Cedric"]
[Result "1-0"]
[WhiteElo "2279"]
[BlackElo "1970"]
[PlyCount "74"]
[EventDate "2023.01.23"]
[EventType "swiss"]
[EventRounds "9"]
[EventCountry "AUS"]
[SourceTitle "CBM 212 Extra"]
[Source "ChessBase"]
[SourceDate "2023.03.31"]
[SourceVersion "1"]
[SourceVersionDate "2023.03.31"]
[SourceQuality "1"]

1. e4 e5 2. Nf3 Nc6 3. Bb5 Nf6 4. 0-0 Nxe4 5. d4 Nd6 6. Bg5 Be7 7. Bxe7 Qxe7 8. Bxc6 dxc6 9. dxe5 Nf5 10. Qd2 Bd7 11. Nc3 0-0-0 12. Qf4 h6 13. h4 g5 14. Qa4 Kb8 15. Rad1 gxh4 16. Qf4 Rdg8 17. Ne4 Bc8 18. Nf6 Rg6 19. Kh2 h5 20. Rd3 Ka8 21. Rfd1 a6 22. Qd2 Be6 23. Rd8+ Rxd8 24. Qxd8+ Qxd8 25. Rxd8+ Ka7 26. a3 h3 27. gxh3 Bc4 28. Nxh5 Be2 29. Nf4 Bxf3 30. Nxg6 fxg6 31. Rf8 Bd5 32. Rf6 Ne7 33. Kg3 b5 34. Kf4 Kb7 35. e6 c5 36. Ke5 Kc6 37. h4 b4 1-0

[Event "Begonia op 55th"]
[Site "Ballarat"]
[Date "2021.03.08"]
[Round "7"]
[White "Morris, James"]
[Black "Solomon, Stephen J"]
[Result "1-0"]
[WhiteElo "2473"]
[BlackElo "2309"]
[PlyCount "85"]
[EventDate "2021.03.06"]
[EventType "swiss"]
[EventRounds "7"]
[EventCountry "AUS"]
[SourceTitle "CBM 201 Extra"]
[Source "ChessBase"]
[SourceDate "2021.05.31"]
[SourceVersion "1"]
[SourceVersionDate "2021.05.31"]
[SourceQuality "1"]

1. c4 c5 2. Nc3 Nf6 3. Nf3 Nc6 4. d4 cxd4 5. Nxd4 g6 6. g3 Bg7 7. Bg2 0-0 8. 0-0 Nxd4 9. Qxd4 d6 10. Qh4 a6 11. Bg5 Be6 12. Ne4 Rc8 13. b3 Nxe4 14. Bxe4 f6 15. Be3 Qd7 16. Rac1 b5 17. c5 d5 18. Bg2 Bf7 19. Qb4 e5 20. Rfd1 Be6 21. Rxd5 Bxd5 22. Rd1 Rfd8 23. Rxd5 Qe7 24. Qa5 f5 25. Qb6 e4 26. Bxe4 Rb8 27. Rxd8+ Rxd8 28. Bb7 Bd4 29. Bxd4 Rxd4 30. Bf3 Rd1+ 31. Kg2 Rc1 32. c6 g5 33. Qxa6 g4 34. Qc8+ Kg7 35. Bd5 Kg6 36. e4 Qf6 37. c7 Kh6 38. Qd8 Qa1 39. Qf8+ Kg5 40. Qxf5+ Kh6 41. Qf4+ Kg7 42. Qxg4+ Kf6 43. c8Q 1-0

[Event "Queensland-ch"]
[Site "Brisbane"]
[Date "2019.10.06"]
[Round "6"]
[White "Silva, KWCU"]
[Black "Solomon, Stephen J"]
[Result "0-1"]
[WhiteElo "1894"]
[BlackElo "2338"]
[PlyCount "80"]
[EventDate "2019.10.03"]
[EventType "swiss"]
[EventRounds "9"]
[EventCountry "AUS"]
[SourceTitle "EXT 2021"]
[Source "ChessBase"]
[SourceDate "2020.10.23"]
[SourceVersion "1"]
[SourceVersionDate "2020.10.23"]
[SourceQuality "1"]

1. e4 c5 2. Nf3 d6 3. Bb5+ Bd7 4. Bxd7+ Qxd7 5. 0-0 Nc6 6. Re1 Nf6 7. c3 e6 8. d4 d5 9. exd5 Qxd5 10. dxc5 Qxd1 11. Rxd1 Bxc5 12. Bf4 Ne4 13. Bg3 Nxg3 14. hxg3 Ke7 15. Nbd2 Rhd8 16. Nc4 a6 17. Kf1 Rac8 18. Ke2 Ba7 19. Ne3 f5 20. Rxd8 Rxd8 21. Rd1 Rxd1 22. Nxd1 Kf6 23. Ne3 g5 24. a4 g4 25. Nd2 h5 26. b4 e5 27. Nb3 f4 28. gxf4 exf4 29. Nc4 h4 30. Nba5 h3 31. gxh3 f3+ 32. Kf1 gxh3 33. Kg1 Bxf2+ 34. Kh2 Nxa5 35. Nxa5 Bb6 36. Kxh3 Bxa5 37. bxa5 Kf5 38. Kg3 Ke4 39. Kf2 Kd3 40. Kxf3 Kxc3 0-1

[Event "Queensland-ch"]
[Site "Brisbane"]
[Date "2019.10.05"]
[Round "4"]
[White "Fernandez, Daniel Howard"]
[Black "Solomon, Stephen J"]
[Result "1-0"]
[WhiteElo "2440"]
[BlackElo "2338"]
[PlyCount "107"]
[EventDate "2019.10.03"]
[EventType "swiss"]
[EventRounds "9"]
[EventCountry "AUS"]
[SourceTitle "EXT 2021"]
[Source "ChessBase"]
[SourceDate "2020.10.23"]
[SourceVersion "1"]
[SourceVersionDate "2020.10.23"]
[SourceQuality "1"]

1. c4 e6 2. g3 d5 3. Bg2 Nf6 4. Nf3 Be7 5. 0-0 0-0 6. d4 dxc4 7. Qc2 a6 8. a4 Nc6 9. Qxc4 a5 10. Bg5 h6 11. Bf4 Bd6 12. Ne5 Bxe5 13. dxe5 Nd5 14. Qe4 b6 15. Nc3 Ncb4 16. Nxd5 Nxd5 17. Bd2 Bb7 18. Qg4 Kh8 19. Rad1 Qe7 20. Qh3 c5 21. g4 Kg8 22. Qh5 f5 23. Qg6 Qf7 24. gxf5 exf5 25. Qxf7+ Kxf7 26. Bxh6 Ke6 27. Bg5 f4 28. Rd3 Rf7 29. Rfd1 Nb4 30. Rd7 Bxg2 31. Rxf7 Kxf7 32. Kxg2 Ke6 33. Bxf4 Nd5 34. Bg3 Rf8 35. b3 g5 36. Kh3 Rd8 37. Rd3 Kf5 38. f3 Rh8+ 39. Kg2 Nf4+ 40. Bxf4 gxf4 41. e4+ Kxe5 42. Rd5+ Ke6 43. Rg5 Rd8 44. h4 Rd2+ 45. Kh3 Rd3 46. Kg4 Rxb3 47. h5 Rb1 48. h6 Kf6 49. Rh5 Rg1+ 50. Kxf4 Rg8 51. h7 Rh8 52. Rh6+ Kg7 53. Rxb6 Kxh7 54. Rc6 1-0

[Event "Melbourne Australasian GM"]
[Site "Melbourne"]
[Date "2018.12.20"]
[Round "6"]
[White "Solomon, Stephen J"]
[Black "Cheng, Bobby Sky"]
[Result "1/2-1/2"]
[WhiteElo "2328"]
[BlackElo "2510"]
[PlyCount "87"]
[EventDate "2018.12.15"]
[EventType "tourn"]
[EventRounds "9"]
[EventCountry "AUS"]
[EventCategory "8"]
[SourceTitle "CBM 187 Extra"]
[Source "ChessBase"]
[SourceDate "2018.11.04"]
[SourceVersion "1"]
[SourceVersionDate "2018.11.04"]
[SourceQuality "1"]

1. e4 c5 2. Nf3 d6 3. d4 Nf6 4. Nc3 cxd4 5. Nxd4 a6 6. Bg5 Nbd7 7. Bc4 Qb6 8. Bb3 e6 9. Qd2 Be7 10. 0-0-0 Nc5 11. Rhe1 Qc7 12. f4 b5 13. e5 b4 14. exf6 bxc3 15. Qxc3 Nxb3+ 16. axb3 Qxc3 17. bxc3 gxf6 18. Bh4 Rg8 19. g3 Bd7 20. c4 Rc8 21. Kb2 Rc5 22. Ne2 f5 23. Bxe7 Kxe7 24. Nc3 Rb8 25. Nd5+ Kd8 26. Ne3 Kc7 27. Rd2 h5 28. Red1 Rc6 29. Ka3 h4 30. g4 fxg4 31. Nxg4 Rd8 32. Nf6 Bc8 33. Rg1 Rc5 34. Rg7 Rf5 35. Rxf7+ Kc6 36. Rg2 Rxf4 37. Rgg7 Rf2 38. b4 Rxc2 39. Kb3 Re2 40. Re7 Rf8 41. Re8 Rxf6 42. Rxc8+ Kb6 43. Rb8+ Kc6 44. Rc8+ 1/2-1/2